| 000 | 00399nam a22001697a 4500 | ||
|---|---|---|---|
| 003 | GBCCL | ||
| 005 | 20251202140933.0 | ||
| 008 | 230814b ||||| |||| 00| 0 eng d | ||
| 040 | _cGBC | ||
| 082 |
_aVER 225.5954 _bTHA 1 |
||
| 245 | _aThukhun thak | ||
| 250 | _aThangkhal | ||
| 260 |
_aBangalore : _bBSI, _c2010 |
||
| 300 | _a334p. ; | ||
| 650 |
_aBible _vNew Testament _97309 |
||
| 942 |
_2ddc _cREF |
||
| 999 |
_c9883 _d9883 |
||